Boiler flues in chimney spaces (Record no. 82984)

MARC details
000 -LEADER
fixed length control field 00926cad a22002055a 4500
001 - CONTROL NUMBER
control field L152490
008 - FIXED-LENGTH DATA ELEMENTS--GENERAL INFORMATION
fixed length control field 110318s2011 xxk 000 0 eng d
035 ## - SYSTEM CONTROL NUMBER
System control number (Sirsi) u152490
041 0# - LANGUAGE CODE
Language code of text/sound track or separate title eng
110 2# - MAIN ENTRY--CORPORATE NAME
Corporate name or jurisdiction name as entry element Gas Safe Register
9 (RLIN) 5927
245 00 - TITLE STATEMENT
Title Boiler flues in chimney spaces
Medium [electronic resource]
260 ## - PUBLICATION, DISTRIBUTION, ETC.
Date of publication, distribution, etc. 2011
520 ## - SUMMARY, ETC.
Summary, etc. Offers advice on fitting inspection hatches required to facilitate the inspection of boilers flues which becomes mandatory from 31 December 2012. Gas Safe Register engineers will be required to put boilers at risk if inspection hatches are unavailable when inspected.
590 ## - LOCAL NOTE (RLIN)
Local note KA
651 #4 - SUBJECT ADDED ENTRY--GEOGRAPHIC NAME
Geographic name United Kingdom
Chronological subdivision
690 ## - LOCAL SUBJECT ADDED ENTRY--TOPICAL TERM (OCLC, RLIN)
Topical term or geographic name as entry element PROPERTY-RESIDENTIAL PROPERTY-RESIDENTIAL PROPERTY MANAGEMENT
690 ## - LOCAL SUBJECT ADDED ENTRY--TOPICAL TERM (OCLC, RLIN)
Topical term or geographic name as entry element MANAGEMENT-HEALTH AND SAFETY
856 40 - ELECTRONIC LOCATION AND ACCESS
Uniform Resource Identifier <a href="https://www.gassaferegister.co.uk/advice/flues_in_voids.aspx">https://www.gassaferegister.co.uk/advice/flues_in_voids.aspx</a>
Public note View this item free of charge at www.gassaferegister.co.uk
942 ## - ADDED ENTRY ELEMENTS (KOHA)
Suppress in OPAC 0
Holdings
Withdrawn status Lost status Source of classification or shelving scheme Damaged status Not for loan Home library Current library Shelving location Date acquired Total Checkouts Full call number Barcode Date last seen Copy number Price effective from Koha item type
    Dewey Decimal Classification     Virtual Virtual Journal article 18/03/2011   ONLINE PUBLICATION 152490-2001 06/08/2019 1 06/08/2019 Journal article